| 000 | 00805cam a2200217 4500 | ||
|---|---|---|---|
| 001 | ABS61680 | ||
| 008 | 000000n1999 000 0 eng u | ||
| 035 | _a(Sirsi) u103329 | ||
| 100 | _aBourdeau, L. | ||
| 245 | _aSustainable development and the future of construction: a comparison of visions from various countries. | ||
| 260 | _c1999 | ||
| 490 |
_aBuilding Research and Information _v27(6) Nov-Dec 1999, 355-367(13) |
||
| 520 | _aPresents the findings of the CIB W82 project, which endeavoured to identify the main issues facing sustainable development in 14 countries around the world. References. | ||
| 590 | _aABS | ||
| 650 | _aSUSTAINABLE DEVELOPMENT | ||
| 650 | _aFORECASTS | ||
| 650 | _aCONSTRUCTION INDUSTRY | ||
| 650 | _aCIB W82 | ||
| 690 | _aDEVELOPMENT-SUSTAINABLE | ||
| 942 | _n0 | ||
| 999 |
_c62103 _d62103 |
||